000 00761nam a22002177a 4500
999 _c18085
_d18085
003 AR-CdUCM
008 190511b ||||| |||| 00| 0 spa d
040 _aMUNICIPALIDAD PROVINCIAL DEL CUSCO
_cBIBLIOTECA MUNICIPAL DEL CUSCO
082 _23ed.
_a802.82 /
_bA59
100 _aAnouilh, Jean
_92841
245 _aTeatro :
_bPiezas rosas el baile de los ladrones la cita en Senlis Leocadia /
260 _aBuenos Aires :
_bLosada,
_c1959.
300 _a199 páginas ;
_c20 cm.
505 _aContenido : El baile de los ladrones -- La cita en senlis -- Leocadia ...
650 _aLiteratura
_9416
650 _aMexicana
_913614
650 _aSiglo XX
_98
700 _aBernardez, Aurora (Traducción)
_938462
942 _2ddc
_cLIBROS
945 _arah
_d2019/05/11